[Event "Open Ouest 0607 (Istres)"]
[Site "?"]
[Date "2007.02.03"]
[Round "5"]
[White "Humbert, Didier"]
[Black "Dufresne, Ali"]
[Result "0-1"]
[WhiteElo "1580"]
[BlackElo "1110"]
[Annotator "Fritz 7 (30s)"]
[PlyCount "74"]

1. d4 e6 2. e4 d6 {dernier coup de la bibliotheque} 3. Nf3 {A40: Unusual 
replies to 1 d4} g6 4. Nbd2 Bg7 5. c3 e5 6. Nc4 (6. dxe5
dxe5 7. Bb5+ Nd7 8. Qc2 $14) 6... Bg4 (6... exd4 7. cxd4 Nf6 8. Ncd2 $14) 7.
Be2 (7. dxe5 Bxf3 8. Qxf3 Bxe5 9. Nxe5 dxe5 $16) 7... Nd7 8. dxe5 Bxf3 9. Bxf3
b5 10. Na3 Bxe5 (10... Nxe5 11. Nxb5 Nf6 12. Bf4 $16) 11. Nxb5 a6 12. Nd4 Ne7
13. Bh6 c5 14. Ne2 a5 15. O-O Ng8 16. Be3 Qh4 17. g3 Qh3 $2 (17... Qe7 $142 $18
) 18. Nf4 Qh6 (18... Bxf4 19. Bxf4 h5 $18) 19. Nd5 g5 (19... Qf8 {
est le dernier espoir.} 20. Nc7+ Ke7 21. Nxa8 Qxa8 $18) 20. Nc7+ Kf8 21. Nxa8
Ngf6 (21... Qg6 {n'est pas le coup salvateur} 22. Bg4 Qxe4 23. Bxd7 Qxa8 24. f4
gxf4 25. Bxf4 $18) 22. h4 Rg8 23. h5 (23. hxg5 {peut etre le plus court chemin}
23... Rxg5 24. Bxg5 Qxg5 $18) 23... Nxh5 (23... d5 {
un dernier effort pour resister a l'inevitable} 24. exd5 Bf4 $18) 24. Bxh5 Nf6
25. Bg4 Nxe4 (25... Kg7 {n'est pas un salut} 26. Nc7 Nxe4 27. Bf5 $18) 26. Qf3
(26. Bf5 {semble mieux} 26... Bxg3 27. fxg3 Nxg3 $18) 26... d5 (26... Nf6 {
ne change rien de plus} 27. Nb6 $18) 27. Nc7 (27. Rad1 $142 {
clarifie la position} 27... Qc6 28. Nb6 Nf6 29. Rxd5 Nxd5 30. Nd7+ Kg7 31. Nxe5
Qc7 32. Qxd5 f6 $18) 27... Bxc7 28. Kg2 (28. Rad1 {
et les blancs peut se relaxer} 28... Qd6 29. c4 Nf6 30. Bxc5 Qxc5 31. Qxf6 Qb6
32. Qxb6 Bxb6 33. Rxd5 Rg6 $18) 28... Qd6 29. Rh1 h6 30. Rh3 (30. Bf5 {
fais ca meme si c'est plus facile pour les blancs} 30... Kg7 31. Bxe4 dxe4 32.
Qxe4 Rb8 $18) 30... Rg6 31. Rah1 Rf6 32. Bf5 Qe5 33. g4 d4 (33... Kg7 {
un essai sterile qui modifie le cours de la partie} 34. Rd1 $18) 34. cxd4 cxd4
35. Bc1 Rc6 (35... Nd6 {il n'y a rien d'autre a faire} 36. Bxg5 $1 {
ce n'est qu'un au revoir mes freres...} 36... hxg5 37. Rh8+ Ke7 $18) 36. Rxh6 (
36. Bxe4 $142 {semble meme mieux} 36... Rf6 37. Bf5 $18) 36... Rc2 (36... Rxh6
{quoi d'autre?} 37. Rxh6 Nf6 38. Rh8+ Kg7 $18) 37. Qxe4 (37. Bxe4 Rxc1 38. Rxc1
Qh2+ 39. Rxh2 Bg3 40. Qf6 Ke8 41. Rc8+ Kd7 42. Bf5#) 37... Qg3+ (37... Qg3+ 38.
Kf1 Qxf2#) 0-1

[Event "Open Ouest 0607 (Istres)"]
[Site "?"]
[Date "2007.02.17"]
[Round "6"]
[White "Jullien, Patrick"]
[Black "Brot, Fabrice"]
[Result "0-1"]
[WhiteElo "1786"]
[BlackElo "1630"]
[Annotator "Fritz 7 (30s)"]
[PlyCount "54"]

1. d4 e6 2. c4 f5 {A84: Dutch Defence: 2 c4 Miscellaneous} 3. g3 Nf6 4. Nf3 b6
5. Bg2 Bb7 6. O-O {dernier coup de la bibliotheque} 6... Bd6 7. Nc3 O-O 8. Nb5
Be7 9. Bf4 Na6 10. Qa4 c6 (10... Nh5 $5 $14 {devrait etre examine}) 11. Nd6 $16
Bxd6 (11... Bc8 12. Rad1 $16) 12. Bxd6 Re8 13. Ne5 Ne4 (13... Qc8 $142 $16) 14.
Rad1 $4 {cree de grosses difficultes} (14. Bxe4 $142 {
donnera a les blancs l'avantage} 14... fxe4 15. Qb3 $18) 14... Nxd6 $19 15.
Nxc6 $2 (15. c5 Nf7 16. Nxf7 Kxf7 17. e4 $19) 15... dxc6 (15... Bxc6 $6 16.
Qxa6 Bxg2 17. Kxg2 $19) 16. Bxc6 Bxc6 17. Qxa6 (17. Qxc6 {
ne peut pas changer ce qui est en cours pour ?} 17... Qe7 $19) 17... Qc7 (17...
f4 $142 {et les noirs peut se relaxer} 18. e3 $19) 18. d5 (18. Rc1 {
n'est pas d'une grande aide} 18... f4 $19) 18... Bb7 (18... exd5 {semble mieux}
19. cxd5 Bb5 20. Qa3 Bxe2 21. Rc1 $19) 19. Qa4 Qxc4 (19... exd5 $142 {
fais ca meme si c'est plus facile pour les noirs} 20. cxd5 Rxe2 21. Qb3 $19)
20. Qd7 (20. Qxc4 {la derniere chance de contrejeu} 20... Nxc4 21. b3 $19)
20... Rad8 21. dxe6 (21. b3 {n'est pas un salut} 21... Qxe2 22. Qa4 Bxd5 $19)
21... Rxd7 22. exd7 Rd8 23. Rxd6 Bc6 (23... Qxe2 $142 {semble meme mieux} 24.
f3 Qe3+ 25. Rf2 Bxf3 26. b4 $19) 24. Rfd1 (24. b3 {
il n'y a rien d'autre a faire} 24... Qe4 25. f3 $19) 24... Qxe2 25. R1d3 Qxb2 (
25... Qe1#) 26. Rd2 Qb5 (26... Qb1+ $142 {peut etre le plus court chemin} 27.
Rd1 Qe4 28. Rxc6 Qxc6 29. Rf1 $19) 27. h4 Rxd7 (27... Rxd7 28. Rxd7 Bxd7 $19) (
27... Bf3 $142 {et les noirs a atteint son but} 28. Rd1 Bxd1 29. Rxd1 Rxd7 30.
Rxd7 Qxd7 31. a3 $19) 0-1

[Event "Open Ouest 0607 (Istres)"]
[Site "?"]
[Date "2007.02.17"]
[Round "6"]
[White "Briquet, Xavier"]
[Black "Reymond, Jean-François"]
[Result "0-1"]
[WhiteElo "1520"]
[BlackElo "1499"]
[Annotator "Fritz 7 (30s)"]
[PlyCount "92"]
[EventDate "2007.??.??"]

1. e4 d5 {B01: Scandinavian Defence} 2. exd5 Nf6 3. c4 c6 4. Nc3 {
dernier coup de la bibliotheque} 4... e6 5. dxe6 Bxe6 6. d4 Be7 7. Nf3 Na6 8.
c5 {Les blancs gagne de l'espace} 8... O-O (8... Nc7 $5 $14 {
est une idee interessante}) 9. Bxa6 $16 bxa6 10. Ne5 Bd5 (10... Qc7 $5 11. Bf4
Qb7 $16) 11. O-O $18 ({Pas} 11. Nxd5 Qxd5 12. Nf3 Rad8 $16) 11... Ne4 12. Nxd5
Qxd5 13. Be3 (13. Re1 Bh4 14. Be3 f5 $18) 13... Rab8 (13... Bxc5 14. Qa4 $16)
14. b3 f6 (14... Rbe8 $5 $16) 15. Nd3 $18 Bd8 16. Nf4 Qf7 17. Qd3 f5 18. f3 Ng5
19. Qxa6 Qc7 (19... Re8 20. Rae1 Bf6 21. Bf2 $18 (21. Qxc6 Rxe3 22. Rxe3 Bxd4
$18)) 20. Qc4+ Kh8 21. h4 (21. Rfe1 {
fais ca meme si c'est plus facile pour les blancs} 21... Qd7 $18) 21... Re8 22.
Ng6+ (22. Rae1 $142 $5 Nf7 23. Bf2 Bf6 $18) 22... hxg6 23. Bxg5 Bf6 (23... Bxg5
24. hxg5 Qf4 25. Rad1 $18) 24. Bxf6 $18 gxf6 25. Rad1 Re7 26. d5 cxd5 27. Rxd5
Rbe8 (27... Qg3 28. Rd6 Rf8 29. Re6 $18) 28. Rd6 Kg7 29. Qd4 Rf7 30. g4 (30. b4
{et les blancs peut se relaxer} 30... Re2 $18) 30... Rd8 (30... Re5 31. b4 $18)
31. Rd1 (31. Rxd8 $6 {est l'alternative la plus faible} 31... Qg3+ 32. Kh1 Qh3+
33. Kg1 Qg3+ 34. Kh1 Qh3+ 35. Kg1 Qg3+ $11) 31... Re8 32. Kg2 (32. gxf5 $142 {
peut etre le plus court chemin} 32... gxf5 33. Kh1 Qe7 $18) 32... Re2+ 33. Kf1
Re5 34. b4 fxg4 (34... Qb7 35. c6 Qb5+ 36. Kg1 fxg4 37. Rc1 gxf3 38. c7 $18)
35. Qxg4 ({Plus faible est} 35. fxg4 a5 36. Rd7 Qc6 37. Rxf7+ Kxf7 38. Qd7+
Qxd7 39. Rxd7+ Ke6 $18) 35... Qb7 36. Rd7 Qb5+ 37. R1d3 (37. Kg1 a5 38. a3 axb4
39. axb4 Qa6 $18) 37... Ree7 38. c6 $4 {gache tout} (38. Rd8 $142 {
et tout est en faveur de les blancs} 38... Re5 39. Kf2 $18) 38... Qxc6 (38...
Rxd7 $142 {et les noirs a atteint son but} 39. cxd7 Qxd3+ 40. Kg2 Re7 $19) 39.
Rxe7 (39. Rd8 $5 $14 {est digne de consideration}) 39... Rxe7 $11 40. Rd1 Qb5+
41. Kg2 $4 {ruine une position pourtant superieure} (41. Kg1 $142 $11 {
etait necessaire}) 41... Qe2+ $19 42. Kg3 Qxd1 43. h5 (43. Qc4 $19 {
la derniere chance de contrejeu}) 43... Qg1+ 44. Kf4 Qxg4+ (44... g5+ 45. Qxg5+
Qxg5#) 45. Kxg4 (45. fxg4 {n'est pas d'une grande aide} 45... Re2 46. hxg6 Rf2+
47. Ke3 Rxa2 $19) 45... gxh5+ 46. Kxh5 Re2 (46... Re2 47. a4 Rb2 $19) 0-1

[Event "Open Ouest 0607 (Istres)"]
[Site "?"]
[Date "2007.02.17"]
[Round "6"]
[White "Calatayud, Stéphane"]
[Black "Alard, Francis"]
[Result "1-0"]
[WhiteElo "1570"]
[BlackElo "1570"]
[Annotator "Fritz 7 (120s)"]
[PlyCount "147"]

1. e4 c5 2. d4 cxd4 3. f4 {dernier coup de la bibliotheque} 3... d6 
{B21: Sicilian: 2 f4 and Morra Gambit} 4. Nf3 Nf6 5. Bd3 {
Le fou blanc est en securite devant d4} (5. Qxd4 Nc6 6. Qd3 Bg4 $11) 5... g6 (
5... Nc6 6. c3 $15) 6. O-O (6. Nxd4 Bg7 $11) 6... Bg7 7. Qe1 Nc6 8. a3 {
Securise b4} 8... Bg4 9. Nbd2 e5 10. h3 Bd7 11. Nc4 Qe7 (11... Qc7 12. a4 $15)
12. fxe5 dxe5 13. Bg5 (13. a4 Rd8 $11) 13... h6 $15 14. Bxf6 Bxf6 ({Pire est} 
14... Qxf6 15. Nfxe5 {NOTEXT: 253} 15... Qe6 16. Nxd7 Qxd7 17. Rd1 $11) 15. Qg3
{La pression en e5 grandit} 15... b5 16. Ncd2 a6 17. b4 (17. a4 Rb8 $15) 17...
Be6 (17... g5 18. Nb3 $17) 18. Rf2 (18. Rac1 $142 $17) 18... Kd7 (18... h5 $142
$5 $17) 19. Rff1 (19. Raf1 Bg5 20. Nxg5 Qxg5 $15) 19... h5 (19... Bg5 $142 $15)
20. Rfb1 $2 (20. Nb3 h4 21. Qe1 Ke8 $11) 20... Rhc8 (20... g5 $142 $5 21. a4 g4
22. axb5 axb5 23. Bxb5 gxf3 24. Qxf3 Bg5 $17) 21. Nb3 $15 h4 22. Qe1 Bxb3 23.
Rxb3 Ke8 24. a4 bxa4 (24... Rab8 $5 $15 {est interessant}) 25. Rxa4 $11 Rcb8 (
25... Kf8 26. Rxa6 Rxa6 27. Bxa6 $11) 26. Bxa6 (26. b5 $142 Nd8 27. bxa6 $14)
26... Rxa6 $4 {jetant a l'eau son avantage} (26... Kf8 $142 $11 {
sauvant la partie}) 27. Rxa6 $18 Nxb4 $2 (27... Nd8 28. c3 Ne6 29. Rb1 $18) 28.
Rxb4 $1 {la fin} 28... Qxb4 (28... Rxb4 {NOTEXT: 244} 29. Ra8+) 29. Qxb4 Rxb4
30. Rxf6 Ke7 31. Ra6 Rb1+ (31... Rb5 32. Ra7+ Ke8 33. Nxh4 $18) 32. Kf2 Rb2 (
32... Rb5 {ne change rien de plus} 33. Ke2 $18) 33. Nxe5 Rxc2+ 34. Kf1 (34. Kf3
{peut etre le plus court chemin} 34... Rd2 $18) 34... Rc7 (34... Rb2 {
ne rattrape rien} 35. Ra1 $18) 35. Nc6+ Kd6 36. Nxd4+ Ke5 37. Nf3+ Kxe4 38.
Ra4+ Ke3 39. Ra3+ Kf4 40. Nxh4 Kg5 41. g3 Rc2 42. Ra5+ Kf6 43. Nf3 Kg7 44. Rd5
Kh6 45. Nd2 Rc1+ 46. Kf2 Rd1 47. Ke2 Rh1 48. h4 Rg1 49. Kf3 Ra1 50. g4 Ra3+ 51.
Kf4 Rh3 52. Nf3 Rh1 53. Rd7 Kg7 54. Kg5 Ra1 55. Ne5 {
Attaque le pion arriere en f7} 55... Ra5 56. Rxf7+ Kg8 57. Kf6 Rxe5 58. Rg7+
Kf8 59. Rxg6 Ra5 60. h5 Ra6+ 61. Kg5 Ra5+ 62. Kh6 Kf7 63. g5 Kf8 64. Rf6+ Kg8
65. Kg6 Ra7 66. h6 Ra8 67. Rd6 Kh8 68. Rd7 Ra6+ 69. Kf7 Rb6 70. g6 Rb8 71. Re7
Rd8 72. Re8+ Rxe8 73. Kxe8 Kg8 74. g7 1-0

[Event "Open Ouest 0607 (Istres)"]
[Site "?"]
[Date "2007.02.17"]
[Round "6"]
[White "Frailinu, Jean-Bernard"]
[Black "Dufresne, Saïd"]
[Result "1-0"]
[WhiteElo "1590"]
[BlackElo "1610"]
[Annotator "Fritz 7 (30s)"]
[PlyCount "83"]
1. c4 e5 2. Nc3 Nf6 3. Nf3 d6 4. d4 exd4 5. Nxd4 Be7 
{A54: Old Indian Defence with Nf3, but without e4} 6. g3 O-O 7. Bg2 c6 
{dernier coup de la bibliotheque}
8. b4 Qd7 (8... d5 9. Qb3 $15) 9. O-O a6 {Consolide b5} 10. Rb1 b5 (10... Re8
$5 $14 {devrait etre considere}) 11. cxb5 $16 axb5 12. Ndxb5 $1 {
preservant la tete des operations} 12... d5 (12... cxb5 {NOTEXT: 245} 13. Bxa8)
13. Nd4 Bb7 14. Nf3 (14. Qd3 Na6 15. b5 Nb4 $16) 14... Qe6 15. Bf4 Qd7 (15...
Ne4 16. Nxe4 dxe4 17. Nd4 $16) 16. Ne5 (16. a4 Na6 17. b5 cxb5 18. Rxb5 Nc5 $16
) 16... Qf5 (16... Qe6 17. b5 $14) 17. Nd3 (17. b5 Qe6 $16) 17... Ra3 (17...
Nbd7 18. Re1 $14) 18. Rb3 Rxb3 19. Qxb3 d4 20. Na4 Nh5 (20... Nbd7 $5 $16) 21.
Bc7 Re8 (21... Nf6 22. Bb6 $18) 22. Nac5 (22. e4 $142 Qe6 23. Qxe6 fxe6 $18)
22... Ba8 $2 (22... Na6 23. Nxb7 Nxc7 24. Bxc6 $18) 23. Be4 (23. Qa3 {
peut etre le plus court chemin} 23... Qc8 24. Qa7 Nf6 $18) 23... Qc8 24. Bxb8 (
24. Bxh7+ {fais ca meme si c'est plus facile pour les blancs} 24... Kxh7 25.
Qxf7 Bxc5 26. Qxh5+ Kg8 27. bxc5 Nd7 $18) 24... Qxb8 $6 {
ne donne aucune resistance} (24... Bxc5 25. Ne5 (25. bxc5 $6 Qxb8 26. Qxb8 Rxb8
$18) 25... Rf8 26. bxc5 Qxb8 27. Qxb8 (27. Nxc6 $6 Qe8 28. Bf3 Bxc6 29. Bxh5
Qe5 $16) 27... Rxb8 28. Rd1 $18) 25. Nd7 (25. Bxh7+ $142 $5 {semble meme mieux}
25... Kxh7 26. Qxf7 Bxc5 27. Qxh5+ Kg8 28. Nxc5 Re7 $18) 25... Qd6 26. N7e5 Qe6
(26... Qf6 27. e3 $18) 27. Qxe6 fxe6 28. Nxc6 (28. Bxc6 {
et les blancs peut se relaxer} 28... Rc8 29. Rc1 Nf6 $18) 28... Bxc6 (28... Bd6
29. Bf3 $18) 29. Bxc6 Rc8 30. b5 Nf6 31. Ne5 Bd6 32. Nd3 (32. Nc4 {
peut etre le plus court chemin} 32... Bb8 $18) 32... Ba3 $4 {
relache la pression} (32... Be7 33. a4 Bd8 $18) 33. Rd1 Ne8 (33... Kf7 {
n'aide pas beaucoup} 34. Ne5+ Ke7 35. Nf3 $18 (35. Rxd4 $143 Bb2 36. e3 Bxd4
37. exd4 Nd5 $18)) 34. Bd7 Rb8 35. Bxe6+ Kf8 36. Bd7 Nc7 37. Nf4 (37. Bc6 $142
$18 {semble mieux}) 37... Nxb5 (37... g5 38. Nh5 $18) 38. Bxb5 (38. Rb1 $142
$18 {et le reste est une affaire de technique}) 38... Rxb5 39. Rxd4 Rb1+ (39...
Rb2 40. Ra4 Rxa2 41. Ra7 Ra1+ 42. Kg2 $18) 40. Kg2 Rb2 41. Ra4 g6 (41... Bd6 {
en priant pour un miracle} 42. Ne6+ Kf7 43. Ng5+ Ke8 $18) 42. Rxa3 1-0

[Event "Open Ouest 0607 (Istres)"]
[Site "?"]
[Date "2007.02.17"]
[Round "6"]
[White "Person, Claude"]
[Black "Laorden, Joan"]
[Result "1-0"]
[WhiteElo "1400"]
[BlackElo "1660"]
[Annotator "Fritz 7 (30s)"]
[PlyCount "93"]
[EventDate "2007.??.??"]

1. e4 d6 2. d4 g6 3. Bc4 Bg7 4. Nf3 Nf6 {B08: Pirc Defence: Classical System} 
5. Nc3 {dernier coup de la bibliotheque} 5... a6 6. Ng5 O-O 7. O-O (7. e5 dxe5
8. dxe5 Qxd1+ 9. Nxd1 Ne8 $14) 7... b5 8. Bb3 Bb7 (8... Nc6 $142 $5 $11 {
peut etre une alternative viable}) 9. e5 $16 dxe5 10. dxe5 Qxd1 11. Rxd1 Ng4
12. e6 fxe6 $4 {cause des problemes} (12... f5 $142 $16) 13. Bxe6+ $18 Kh8 14.
Bxg4 Nc6 15. Bf3 Na5 (15... b4 {ne change vraiment rien} 16. Nd5 Nd4 17. Nxc7
Bxf3 18. Nxf3 Nxf3+ 19. gxf3 Rad8 20. Rxd8 Rxd8 21. Nxa6 Rd1+ 22. Kg2 Bh6 23.
Bxh6 Rxa1 24. Nxb4 Kg8 $18) 16. Bg4 (16. Bxb7 $142 {
peut etre le plus court chemin} 16... Nxb7 17. Ne6 $18) 16... Rad8 $4 {
gache tout} (16... Nc6 17. Nd5 Ne5 $18) 17. Ne6 (17. Rxd8 $142 {
et les blancs a pris l'avantage} 17... Rxd8 18. Nf7+ Kg8 19. Nxd8 Bxc3 20. bxc3
$18) 17... Rxd1+ 18. Nxd1 Rf6 (18... Bc8 {ne gagne pas un prix} 19. a4 (19.
Nxf8 $6 Bxg4 20. Ne3 Bc8 $18) 19... b4 20. Bg5 $18 (20. Nxf8 $6 Bxg4 21. Ne3
Bc8 $18)) 19. Nxg7 (19. Bd2 {semble mieux} 19... Nc6 $18) 19... Kxg7 20. Bg5
Rc6 21. Ne3 Nc4 22. Bf3 Rb6 23. Nd5 Bxd5 24. Bxd5 Nxb2 25. Bxe7 Nc4 26. Bc5 Rb8
27. Re1 Rd8 28. Bf3 Rd2 29. Be4 Rd7 (29... Kf7 {ne peut pas changer le destin}
30. f4 $18) 30. Bc6 Rd2 31. Be4 (31. Re7+ {
fais ca meme si c'est plus facile pour les blancs} 31... Kf6 32. f4 g5 33.
fxg5+ Kxg5 $18) 31... Rd7 32. h4 h5 (32... Nd6 {
un essai sterile qui modifie le cours de la partie} 33. Bc6 Rf7 34. g3 $18) 33.
Kh2 (33. Bb7 {semble mieux} 33... c6 34. Bxc6 Rd2 $18) 33... Kf6 (33... Nd6 {
ne change rien de plus} 34. Bc6 Rf7 35. g3 $18) 34. Re2 a5 (34... Nd6 {
ne sauve rien} 35. Bd5 Kg7 36. Bb4 $18) 35. c3 (35. Bc6 {semble meme mieux}
35... Rd1 36. Be7+ Kg7 $18) 35... Nd6 36. Bd4+ Kf7 37. Bd5+ Kf8 38. Bc5 Kg7 39.
Bd4+ (39. Bc6 {et les blancs peut se relaxer} 39... Rf7 $18) 39... Kf8 40. Re3
Nf5 41. Bc5+ Kg7 42. Be6 Rd2 43. Rf3 (43. Bxf5 $142 {
fais ca meme si c'est plus facile pour les blancs} 43... gxf5 44. a3 Rd5 45.
Re7+ Kf6 46. Rxc7 f4 $18) 43... b4 (43... Kf6 {desespoir} 44. Be3 Rb2 $18) 44.
cxb4 axb4 45. Bxb4 Re2 46. Bxf5 gxf5 47. a3 1-0

[Event "Open Ouest 0607 (Istres)"]
[Site "?"]
[Date "2007.02.17"]
[Round "6"]
[White "Yriarte, Stéphane"]
[Black "Abibsi, Dany"]
[Result "1-0"]
[WhiteElo "1499"]
[BlackElo "1499"]
[Annotator "Fritz 7 (30s)"]
[PlyCount "93"]
[EventDate "2007.??.??"]

1. d4 d5 2. c4 dxc4 3. Nf3 {D21: Queen's Gambit Accepted: 3 Nf3 sidelines} e6
4. e3 b5 5. a4 c6 6. b3 Bb4+ 7. Bd2 Bxd2+ 8. Qxd2 cxb3 9. axb5 {
dernier coup de la bibliotheque} Bd7 10. Nc3 Nf6 11. bxc6 Nxc6 12. Bb5 Nb4 13.
Bxd7+ Qxd7 14. O-O O-O 15. Rab1 a5 16. Rxb3 Qb7 17. Na2 Ne4 (17... Qd5 $5 {
peut etre une alternative viable} 18. Ra3 Ne4 19. Nxb4 Qb7 $11 (19... Nxd2 $143
20. Nxd5 Nxf3+ 21. gxf3 exd5 22. Rfa1 $16)) 18. Qb2 $14 Rfb8 19. Nxb4 (19. Rb1
$142 $5 $14 {devrait etre examine}) 19... a4 $15 20. Ra3 Qxb4 21. Qxb4 Rxb4 22.
Rfa1 {Attaque le pion isole en a4} Rab8 (22... f6 23. Kf1 $15) 23. g3 (23. Ne1
$142 $5 $14 {devrait etre envisage}) 23... Ra8 24. Ne5 Nd2 25. Nd3 Rc4 (25...
Rb1+ $142 {et les noirs continue} 26. Rxb1 Nxb1 $15) 26. Nc5 $16 {
Augmente la pression sur le pion isole en a4} e5 27. R3a2 (27. Nxa4 $142 g5 28.
dxe5 Nf3+ 29. Kg2 $16) 27... f6 $4 (27... exd4 $142 {sauverait la partie} 28.
Rxd2 Rxc5 29. Rxd4 Rca5 $11) 28. Rxd2 $18 exd4 29. exd4 Rd8 30. Nxa4 Rdxd4 31.
Rxd4 Rxd4 32. Nb6 f5 33. Kg2 h5 34. h4 Kh7 35. Ra5 g6 36. Re5 Rb4 (36... Kg7 {
ne gagne pas un prix} 37. Nd5 $18) 37. Nd5 Rb5 (37... Rd4 {
ne change pas la suite de la partie} 38. Re7+ Kg8 39. Nf4 $18) 38. Re7+ (38.
Nf6+ $142 {et maintenant il devient clair que les blancs va gagner} Kg7 39.
Nxh5+ gxh5 40. Rxb5 Kg6 41. Rb6+ Kg7 $18) 38... Kh6 (38... Kg8 {
n'est pas un salut} 39. Rd7 f4 40. Nxf4 $18) 39. Nf4 Rb6 (39... Rb4 {
ne fait rien de bon} 40. Ne6 Re4 41. Re8 $18) 40. Re6 Rxe6 41. Nxe6 Kh7 42. Kf3
Kg8 43. Kf4 Kf7 44. Nc5 Kf6 45. Nd3 Kf7 46. Kg5 Kg7 47. Ne5 1-0

[Event "Open Ouest 0607 (Istres)"]
[Site "?"]
[Date "2007.02.17"]
[Round "6"]
[White "Dufresne, Ali"]
[Black "Lagrange, Daniel"]
[Result "0-1"]
[WhiteElo "1110"]
[BlackElo "1499"]
[Annotator "Fritz 7 (30s)"]
[PlyCount "62"]
[EventDate "2007.??.??"]

1. d3 {A00: Irregular Openings} Nf6 2. Nc3 {dernier coup de la bibliotheque} e5
3. g3 Bc5 4. Bg2 Ng4 (4... d5 $5 $15) 5. e3 $11 {Couvre d4} d6 6. Nh3 (6. d4
Bb4 $14) 6... c6 $11 {Controle b5+d5} 7. O-O Nd7 $4 {
il y avait de meilleurs moyens pour maintenir la pression} (7... d5 $142 $11 {
prendrait du relief}) 8. Qxg4 $18 Nf6 9. Qxg7 $4 {ruine une tres belle position
} (9. Qc4 $142 $18 {et les blancs gagne}) 9... Rg8 $11 10. Qh6 Bf5 $4 {
donne un contrejeu a l'adversaire} (10... Rg6 11. Qh4 Rg4 12. Qh6 $11) 11. Qh4
(11. e4 {fais ca meme si c'est plus facile pour les blancs} Bc8 $18) 11... Ng4
$4 {jetant a l'eau son avantage} (11... Rg4 $142 {etait necessaire} 12. Qh6 Rg8
$11) 12. Ng5 (12. Qxd8+ $142 $5 {semble mieux} Rxd8 13. Na4 Be6 $18) 12... Qxg5
13. Qh3 (13. Qxg5 $142 {fin du debat} Rxg5 14. e4 Nxh2 15. Kxh2 Rh5+ 16. Kg1
$18) 13... Nxf2 {NOTEXT: 246} 14. Qh4 (14. Rxf2 Bxh3) 14... Qxh4 (14... Ng4 $5
15. Qxg5 Rxg5 $11) 15. gxh4 $14 Nh3+ 16. Kh1 Bg4 17. Bxh3 $4 {
fait perdre l'avantage} (17. b4 $142 {et les blancs respire un peu} Bb6 18. Ne4
$14) 17... Bxh3 $19 18. Rf3 $4 {les blancs tombe.} (18. Rf2 $142 f5 19. Bd2 $19
) 18... Bg2+ 19. Kg1 Bxf3+ 20. Kf2 Bd1 (20... Bh1 {semble meme mieux} 21. Ne2
Rg2+ 22. Kf1 Rxh2 23. a3 $19) 21. Bd2 (21. Nxd1 {est encore une petite chance}
d5 22. a3 $19) 21... Bg4 (21... Bxc2 $142 {et les noirs peut se relaxer} 22.
Ne4 O-O-O 23. b4 $19) 22. Ne4 Rg6 23. c3 (23. Rg1 {ne fait rien de bon} O-O-O
$19) 23... O-O-O 24. b4 Bb6 25. Ng5 (25. a4 {ne gagne pas un prix} f5 26. Ng5
Rdg8 27. Nxh7 Rh8 $19) 25... h6 26. Nxf7 (26. Rg1 {
n'est pas bon, mais quoi d'autre?} Bf5 27. a4 Bxd3 28. a5 $19) 26... Rf8 27.
Rf1 Rxf7+ (27... Bd8 28. Rb1 Rxf7+ 29. Kg2 Be2+ 30. Kh3 Rf3#) 28. Ke1 Be6 (
28... Rxf1+ {peut etre le plus court chemin} 29. Kxf1 Bf5 30. d4 Bd3+ 31. Ke1
Rg1+ 32. Kf2 $19) 29. h5 Rg2 30. Rxf7 Bxf7 31. e4 Rxh2 (31... Rxh2 32. Kd1
Bxh5+ 33. Kc1 Be2 $19) (31... Rg1+ 32. Ke2 Bxh5#) 0-1

[Event "Open Ouest 0607 (Istres)"]
[Site "?"]
[Date "2007.03.24"]
[Round "7"]
[White "Alard, Francis"]
[Black "Humbert, Didier"]
[Result "1/2-1/2"]
[WhiteElo "1570"]
[BlackElo "1580"]
[Annotator "Fritz 7 (120s)"]
[PlyCount "102"]

 1. e4 g6 2. d4 Bg7 3. c4 d6 4. Nf3 Nf6 5. Nc3 O-O 6. Be2 c5 
{E91: King's Indian: Classical: 6 Be2, unusual replies including 6...c5 and 6..
.Bg4 }7. d5 e6 8.
O-O Re8 9. Re1 {dernier coup de la bibliotheque} 9... e5 10. Bd2 a6 {
Controle b5} 11. a4 Nbd7 12. Qb1 Nh5 13. b4 (13. Qc1 Rb8 $14) 13... b6 (13...
cxb4 14. Qxb4 Nc5 15. Be3 $11) 14. b5 $14 {Les blancs obtient plus d'espace}
14... a5 15. g3 {Couvre f4} 15... Nf8 16. Kh1 h6 {Securise g5} 17. Ng1 Nf6 18.
f3 {Consolide g4} 18... g5 (18... N6h7 19. Bf1 $14) 19. Qc1 Ng6 20. Bf1 Kh7 21.
Bh3 Nh5 22. Bxc8 Qxc8 23. Re2 Rf8 24. Qc2 f5 $4 {
deteriore gravement la position} (24... Qd7 25. Rf2 $16) 25. Rae1 (25. exf5
$142 {et les blancs ramene le point a la maison} 25... Qxf5 26. Qxf5 Rxf5 27.
g4 $18) 25... f4 $14 {Les noirs gagne de l'espace} 26. g4 Nf6 27. Nh3 Nh4 28.
Rf1 (28. Rf2 Ng6 $14) 28... Kg6 (28... Nxg4 $142 $5 {
est une alternative interessante} 29. Ng1 Nf6 $11) 29. Be1 $16 Nxf3 (29... Nxg4
$5 30. fxg4 f3 $16) 30. Rxf3 $18 Nxg4 (30... Qxg4 $142 31. Ng1 Qd7 $18) 31.
Nxf4+ $4 {laisse le camp adverse revenir dans la partie.} (31. Nd1 $142 $18 {
donnera a les blancs un clair avantage}) 31... Rxf4 (31... exf4 32. Nd1 $17)
32. Rxf4 (32. Rg3 Rf1+ 33. Kg2 Rf7 $11) 32... gxf4 (32... exf4 $142 $5 33. Nd1
Ne5 $17) 33. Rg2 Kh7 34. Qe2 Ne3 35. Rg1 Qh3 36. Bf2 Ng2 37. Rxg2 (37. Bg3 $142
$1 {peut etre une alternative viable} 37... fxg3 38. Qxg2 Qxg2+ 39. Rxg2 gxh2
40. Ne2 $11 (40. Rxh2 $143 Rf8 $17)) 37... f3 $17 38. Rg3 Qxg3 $1 {NOTEXT: 246}
(38... fxe2 $4 {les noirs s'etranglera avec sa gourmandise} 39. Rxh3 Rf8 40.
Kg2 $18) 39. Bxg3 (39. hxg3 fxe2) 39... fxe2 40. Nxe2 Rf8 41. Kg2 Bf6 42. Ng1
Bg5 43. Nf3 Bf4 (43... Kg6 44. h3 $19) 44. Bh4 Rg8+ 45. Kf2 Kg6 $4 {
il y avait de meilleurs moyens pour maintenir la pression} (45... Bg5 $142 $17)
46. Be7 $14 Rg7 47. Bxd6 (47. Nh4+ Kf7 48. Nf5 Rg8 $14) 47... Kf6 $11 48. Bb8
Rb7 49. Bd6 Rd7 50. Bb8 Rb7 51. Bd6 Rd7 (51... Rd7 52. Bb8 Rb7 $11) 1/2-1/2